Communication Systems (Record no. 1678727)

MARC details
000 -LEADER
fixed length control field 01413 a2200265 4500
005 - DATE AND TIME OF LATEST TRANSACTION
control field 20260416115158.0
008 - FIXED-LENGTH DATA ELEMENTS--GENERAL INFORMATION
fixed length control field 260416b |||||||| |||| 00| 0 eng d
020 ## - INTERNATIONAL STANDARD BOOK NUMBER
International Standard Book Number 9789354640896
040 ## - CATALOGING SOURCE
Original cataloging agency CSL
Transcribing agency CSL
041 ## - LANGUAGE CODE
Source of code eng
Language code of text/sound track or separate title eng
084 ## - COLON CLASSIFICATION NUMBER
Classification number D65,4 R2;-;19 FT
Assigning agency CSL
100 ## - MAIN ENTRY--PERSONAL NAME
Personal name Haykin, Simon
9 (RLIN) 1114014
Relator term author
245 ## - TITLE STATEMENT
Title Communication Systems
250 ## - EDITION STATEMENT
Edition statement 5th
260 ## - PUBLICATION, DISTRIBUTION, ETC.
Place of publication, distribution, etc. New Delhi :
Name of publisher, distributor, etc. Wiley,
Date of publication, distribution, etc. 2026.
300 ## - PHYSICAL DESCRIPTION
Extent xii, 596p.
Other physical details : ill.
Dimensions ; 25 cm.
500 ## - GENERAL NOTE
General note includes Appendix, Glossary, Bibliography and Index
520 ## - SUMMARY, ETC.
Summary, etc. This best-selling Communication Systems textbook continues to include the most comprehensive and rigorous coverage of both analog and digital communications. In addition to being the most up-to-date communications text available, the book lays an emphasis on the statistical underpinnings of communication theory with applications. The book presents material in a logical manner, and is illustrated with numerous examples, with the overall aim being that of helping the student develop an intuitive grasp of the theory under discussion.
650 ## - SUBJECT ADDED ENTRY--TOPICAL TERM
Topical term or geographic name entry element Amplitude modulation
650 ## - SUBJECT ADDED ENTRY--TOPICAL TERM
Topical term or geographic name entry element Phase and frequency
9 (RLIN) 1234941
650 ## - SUBJECT ADDED ENTRY--TOPICAL TERM
Topical term or geographic name entry element Singal-space analysis
9 (RLIN) 1234942
650 ## - SUBJECT ADDED ENTRY--TOPICAL TERM
Topical term or geographic name entry element Spread spectrum and multiple access
9 (RLIN) 1234943
700 ## - ADDED ENTRY--PERSONAL NAME
Personal name Moher, Michael
Relator term author
9 (RLIN) 1234944
942 ## - ADDED ENTRY ELEMENTS (KOHA)
Koha item type Textual
Source of classification or shelving scheme Colon Classification (CC)
Edition 5th
Classification part D65,4 R2;-;19 FT
Holdings
Withdrawn status Lost status Source of classification or shelving scheme Damaged status Not for loan Home library Current library Date acquired Source of acquisition Cost, normal purchase price Total Checkouts Full call number Barcode Date last seen Cost, replacement price Price effective from Koha item type
    Colon Classification (CC)     Central Science Library Central Science Library 2026-04-09 103 799.20   D65,4 R2;10 FT FT1793629 2026-04-09 999.00 2026-04-09 Textual
    Colon Classification (CC)     Central Science Library Central Science Library 2026-04-09 103 799.20   D65,4 R2;11 FT FT1793630 2026-04-09 999.00 2026-04-09 Textual
    Colon Classification (CC)     Central Science Library Central Science Library 2026-04-09 103 799.20   D65,4 R2;12 FT FT1793631 2026-04-09 999.00 2026-04-09 Textual
    Colon Classification (CC)     Central Science Library Central Science Library 2026-04-09 103 799.20   D65,4 R2;13 FT FT1793632 2026-04-09 999.00 2026-04-09 Textual
    Colon Classification (CC)     Central Science Library Central Science Library 2026-04-09 103 799.20   D65,4 R2;14 FT FT1793633 2026-04-09 999.00 2026-04-09 Textual
    Colon Classification (CC)     Central Science Library Central Science Library 2026-04-09 103 799.20   D65,4 R2;15 FT FT1973634 2026-04-09 999.00 2026-04-09 Textual
    Colon Classification (CC)     Central Science Library Central Science Library 2026-04-09 103 799.20   D65,4 R2;16 FT FT1793635 2026-04-09 999.00 2026-04-09 Textual
    Colon Classification (CC)     Central Science Library Central Science Library 2026-04-09 103 799.20   D65,4 R2;17 FT FT1793636 2026-04-09 999.00 2026-04-09 Textual
    Colon Classification (CC)     Central Science Library Central Science Library 2026-04-09 103 799.20   D65,4 R2;18 FT FT1793637 2026-04-09 999.00 2026-04-09 Textual
    Colon Classification (CC)     Central Science Library Central Science Library 2026-04-09 103 799.20   D65,4 R2;19 FT FT1793638 2026-04-09 999.00 2026-04-09 Textual
    Colon Classification (CC)     Central Science Library Central Science Library 2026-04-13 103 799.20   D65,4 R2 FT FT1793364 2026-04-13 999.00 2026-04-13 Textual
    Colon Classification (CC)     Central Science Library Central Science Library 2026-04-13 103 799.20   D65,4 R2;1 FT FT1793365 2026-04-13 999.00 2026-04-13 Textual
    Colon Classification (CC)     Central Science Library Central Science Library 2026-04-13 103 799.20   D65,4 R2;2 FT FT1793366 2026-04-13 999.00 2026-04-13 Textual
    Colon Classification (CC)     Central Science Library Central Science Library 2026-04-13 103 799.20   D65,4 R2;3 FT FT1793367 2026-04-13 999.00 2026-04-13 Textual
    Colon Classification (CC)     Central Science Library Central Science Library 2026-04-13 103 799.20   D65,4 R2;4 FT FT1793368 2026-04-13 999.00 2026-04-13 Textual
    Colon Classification (CC)     Central Science Library Central Science Library 2026-04-13 103 799.20   D65,4 R2;5 FT FT1793369 2026-04-13 999.00 2026-04-13 Textual
    Colon Classification (CC)     Central Science Library Central Science Library 2026-04-13 103 799.20   D65,4 R2;6 FT FTL1793370 2026-04-13 999.00 2026-04-13 Textual
    Colon Classification (CC)     Central Science Library Central Science Library 2026-04-13 103 799.20   D65,4 R2;7 FT FT1793371 2026-04-13 999.00 2026-04-13 Textual
    Colon Classification (CC)     Central Science Library Central Science Library 2026-04-13 103 799.20   D65,4 R2;8 FT FT1793372 2026-04-13 999.00 2026-04-13 Textual
    Colon Classification (CC)     Central Science Library Central Science Library 2026-04-13 103 799.20   D65,4 R2;9 FT FT1793373 2026-04-13 999.00 2026-04-13 Textual
Copyright @ Delhi University Library System